| 000 | 02084nam a22001577a 4500 | ||
|---|---|---|---|
| 041 | _aukr | ||
| 080 | _a09 | ||
| 090 | _bГЮБ | ||
| 100 | _aГюбнер Т. В. | ||
| 245 | _aАнгліцизми в німецькій мові. За матеріалами журналів ХХІ ст.: Bild, Der Spigel, Brand eins, Euro, Stern, Wirtschaftswoche, Bild der Wissenschaft, Connect, Britte, Cosmopolitan, Sport Bild, Kicker... | ||
| 260 |
_aОстрог _bКАф _c2012 |
||
| 300 | _a51 | ||
| 520 |
_aРОЗДІЛ 1. ІСТОРІЯ ПОЯВИ, ОСНОВНІ СФЕРИ ВИКОРИСТАННЯ ТА ПРИЧИНИ ВЖИВАННЯ АНГЛІЦИЗМІВ У НІМЕЦЬКІЙ МОВІ.
1.1. Історичний огляд та причини появи англіцизмів у німецькій мові.
1.2. Основні сфери вживання англіцизмів.
1.3. Причини використання англійських запозичень різними галузями спеціалізації.
РОЗДІЛ 2. ОСОБЛИВОСТІ ВЖИВАННЯ АНГЛІЙСЬКИХ ЗАПОЗИЧЕНЬ У МОВІ ПРЕСИ.
2.1. Стилістичні аспекти використання англіцизмів у мові преси.
2.2. Здатність німецькомовних читачів розуміти англіцизми у мові преси.
2.3. Ставлення до англіцизмів у німецькомовних країнах.
РОЗДІЛ 3. КЛАСИФІКАЦІЯ АНГЛІЦИЗМІВ ТА ЇХ ІНТЕГРАЦІЯ В СИСТЕМУ НІМЕЦЬКОЇ МОВИ.
3.1. Особливості орфографії англійських запозичень у німецькій мові.
3.2. Фонологічні зміни, яких зазнають англіцизми під впливом німецької мови.
3.3. Морфологічні особливості англіцизмів у німецькій мові. _0англіцизми |
||
| 650 | _aResearch Papers | ||
| 999 |
_c284912 _d284912 |
||
| 942 | _cBK | ||